000
00264nam a2200109Ia 4500
005
20251222120159.0
008
251222s1900||||xx |||||||||||||| ||spa||
082
_a
DVD0070/P43/2004
245
0
_a
Nineteen Eighty-Four:1984
264
_b
20th Century Fox
942
_c
DVD
999
_c
2368
_d
2368